| 000 | 00681nam a22002177a 4500 | ||
|---|---|---|---|
| 005 | 20140422152644.0 | ||
| 010 | _aENG-109203 | ||
| 020 |
_c275.00 _a9780198095934 |
||
| 020 |
_c275.00 _a0198095937 |
||
| 035 | _aEN-92736 | ||
| 037 | _bDBAD/PUB | ||
| 082 | _a305.5688 | ||
| 100 | _aPai, Sudha | ||
| 245 |
_aDalit assertion / _cby Sudha Pai |
||
| 260 |
_bOxford University Press _c2013 _aNew Delhi |
||
| 270 |
_bNew Delhi _e110001 _aYMCA Library Building, 1 Jai Singh Road |
||
| 300 |
_axli,201p. _c21cm(pbk) |
||
| 490 | _aOxford india short introductions | ||
| 500 | _aIncludes bibliographical references and index | ||
| 942 |
_2ddc _cEN _mPAI _h305.5688 |
||
| 999 |
_c82248 _d82248 |
||